000 00370nam a2200157Ia 4500
008 220204s9999 xx 000 0 und d
082 _a78:791.43
_bMAN;1
100 _aHuntlery, John
245 0 _aTechnique of film music
260 _aLondon
_bFocal
_c1975
505 _aSet price
650 _aCinema
650 _aMusic
700 _aManvell, Roger
942 _cBK
999 _c36184
_d36184